000 01304nam a22004097a 4500
003 OSt
005 20230421135251.0
008 221006b |||||||| |||| 00| 0 eng d
040 _cBiblioteca Lado V
082 _a700
_bF522a
100 _eeditor
_9808
_aFirbas, Joseph
245 _aArtmotiv 02/
_bRevista Internacional de Artes Visuales/
260 _bBiblioteca Nacional del Peru
_c2008
_aLima
300 _c21x29cm
_a70p.
490 _a02
_v2008
_x1994-5264
505 _aUn sueño privado en imagenes
505 _aLa alternativa bienal
505 _aAmistad
505 _aUn romantico sin romanticismo
505 _aMarcelo Wong
505 _aHospital
505 _aMunster 07
505 _aDocumenta 12
505 _aAños sesenta
505 _aGrabado
505 _aPaisajes Sinteticos
505 _aEl cuerpo: su identidad
505 _aRosa Tomatis
505 _aReseñas
650 _2Tesauro de Arte & Arquitectura
_aARTE
_9703
650 _2Tesauro de Arte & Arquitectura
_aARTE VISUAL
650 _2Tesauro de Arte & Arquitectura
_aREVISTA
650 _2Tesauro de Arte & Arquitectura
_aBIENAL
650 _2Tesauro de Arte & Arquitectura
_aCRITICA
651 _2Tesauro de Arte & Arquitectura
_aRESEÑA
942 _2ddc
_c1
_h700
_iF522a
_n0
999 _c3432
_d3432